CHILDREN AND BOOKS /

INCLUYE BIBLIOGRAFIA

Sábháilte in:
Sonraí bibleagrafaíochta
Príomhchruthaitheoir: Sutherland, Zena (autor)
Rannpháirtithe: Arbuthnot, May Hill (autor) (autor)
Formáid: LEABHAR
Eagrán:7a edición
Ábhair:
Clibeanna: Cuir clib leis
Níl clibeanna ann, Bí ar an gcéad duine le clib a chur leis an taifead seo!

MARC

LEADER 00000nam^a2200000^a^4500
001 000229936
005 20250521000000.0
009 20260310104418.359
020 |a 0-673-18069-7 
035 |a 050463 
037 |a Acervo Xavier Clavigero 
082 |a 809. 89282  |b SUT 
100 |a Sutherland, Zena  |e (autor) 
245 1 0 |a CHILDREN AND BOOKS /  |c ZENA SUTHERLAND, ARBUTHNOT, MAY HILL 
250 |a 7a edición 
264 |a ILLINOIS :  |b SCOTT, FORESMAN AND COMPANY,  |c 1986 
300 |a 751p. :  |b il. 
336 |a texto  |b txt  |2 rdacontenido 
337 |a sin mediación  |b n  |2 rdamedio 
338 |a volumen  |b nc  |2 rdasoporte 
520 |a INCLUYE BIBLIOGRAFIA 
649 |a XX 
650 |a Literatura Infantil -  |x Historia y Crítica 
700 |a Arbuthnot, May Hill  |e (autor) 
910 |a Fondo General 
920 |a Impresos - Libros 
930 |a Colección General 
940 |a Literatura 
905 |a 101 
901 |a 050463  |b IT1  |c LIT  |i 050463  |u 20250521 
902 |a https://opac.biblio.iteso.mx/vufind/Record/000229936